000 00391nam a22001577a 4500
020 _a978-93-5107-630-2
082 _a823
_bMAC/D
100 _aMACCARONE, NORMAN
245 _aDINOSAURS
_bFAVOURITE STORY
246 _aDINOSAURS
_bFAVOURITE STORY
260 _aDELHI
_bSCHOLASTIC INDIA PVT LTD
_c2015
300 _a140
520 _aDINOSAURS STORY
650 _aDINOSAURS STORY
942 _cBK
999 _c2763
_d2763